Nástup a pôsobenie v zamestnaní od A po Z. 8

Objektívne vplývajúce faktory na odmeňovanie. Vonkajšie a vnútorné faktory.

Salvato in:
Dettagli Bibliografici
Autore principale: Gálik, Rudolf
Natura: Capitolo di libro
Lingua:slovacco
Soggetti:
Tags: Aggiungi Tag
Nessun Tag, puoi essere il primo ad aggiungerne!!

MARC

LEADER 00000nla a2200000 4500
001 0161645
005 20240502072814.0
041 0 |a slo 
044 |a SK 
245 1 0 |a Nástup a pôsobenie v zamestnaní od A po Z. 8  |c Rudolf Gálik 
520 |a Objektívne vplývajúce faktory na odmeňovanie. Vonkajšie a vnútorné faktory. 
610 2 0 |a podnik 
610 2 0 |a zamestnanci 
610 2 0 |a odmeňovanie 
100 1 |a Gálik, Rudolf